| 000 | 00942nam a2200277 i 4500 | ||
|---|---|---|---|
| 003 | DO-SdBNP | ||
| 005 | 20250403113628.0 | ||
| 007 | ta | ||
| 008 | 250403b2024 dr ||||| |||| 00| 0 spa d | ||
| 020 | _a9789945291100 | ||
| 040 |
_aDO-SdBNP _bspa _cBNPHU _erda |
||
| 041 | _aspa | ||
| 082 | 4 |
_axxx _bF475v _222 |
|
| 100 | 1 |
_aFigueroa, Victoria Figueroa, _eautor _4aut. _987014 |
|
| 245 | 1 | 0 |
_a"Voces del pueblo" Ecos de Justicia / _cDania Victoria Figueroa |
| 264 | 4 |
_aSan Pedro de Macorís, República Dominicana : _bPublicaciones Libertad, _c©2024. |
|
| 300 |
_a64 páginas ; _c23 cm. |
||
| 336 |
_atexto _btxt _2rdacontent |
||
| 337 |
_asin mediación _bn _2rdamedia |
||
| 338 |
_avolumen _bnc _2rdacarrier |
||
| 500 | _aIncluye datos biográficos del autor en la solapa de la cubierta. | ||
| 500 | _aLa biblioteca posee 3 ejemplar autografiado por la autor | ||
| 590 | _aInventariado, 2025 /LP | ||
| 910 | _aLP | ||
| 942 |
_2ddc _cLBS1 |
||
| 999 |
_c58173 _d58173 |
||